| 000 | 00711nam a22002297a 4500 | ||
|---|---|---|---|
| 003 | UA-OsUOA | ||
| 001 | 39218 | ||
| 007 | ta | ||
| 008 | 20060613b un ||||| |||| 00| 0 ukr d | ||
| 100 | _aАпресян Ю.Д. | ||
| 090 | _a81/44 | ||
| 942 | _cBK | ||
| 040 |
_aUA-OsUOA _brus _cUA-OsUOA _dUA-OsUOA |
||
| 245 | _aИдеи и методы современной структурной лингвистики (краткий очерк) | ||
| 300 | _a305 с. | ||
| 955 | _a2 | ||
| 041 | _arus | ||
| 080 | _a81/44 | ||
| 260 |
_aМ. _bпросвещение _c1966 |
||
| 650 | 7 |
_a8 Мовознавство. Художня література. Літературознавство _2UDC |
|
| 999 |
_c325363 _d325363 |
||